Suomen kunnat, joiden nimessä on useampi O - Statistics

Yleistilastot
  • Tätä visaa on pelattu 145 kertaa
  • Keskiarvotulos 20 / 26
Vastaustilastot
Maakunta Kunta % Oikein
Uusimaa Porvoo
93%
Lappi Tornio
93%
Keski-Pohjanmaa Kokkola
88%
Uusimaa Espoo
87%
Kymenlaakso Kouvola
87%
Lappi Ylitornio
87%
Uusimaa Sipoo
83%
Kainuu Sotkamo
83%
Päijät-Häme Hollola
81%
Pohjois-Savo Kuopio
81%
Pohjois-Karjala Outokumpu
81%
Lappi Posio
81%
Uusimaa Inkoo
80%
Lappi Muonio
80%
Etelä-Pohjanmaa Isojoki
75%
Etelä-Savo Enonkoski
74%
Pohjois-Savo Joroinen
74%
Pohjois-Karjala Kontiolahti
74%
Kanta-Häme Jokioinen
72%
Keski-Pohjanmaa Toholampi
72%
Varsinais-Suomi Somero
68%
Keski-Suomi Kannonkoski
67%
Pohjois-Savo Suonenjoki
67%
Etelä-Karjala Ruokolahti
65%
Pohjanmaa Luoto
59%
Pohjois-Pohjanmaa Hailuoto
58%
Ehtoja vastaavia visoja ei löytynyt
Tulosjakauma
Jokaisen tuloksen saaneiden osuus
Persentiili vastausten määrän mukaan
Tuloshistoriasi
Et ole pelannut tätä visaa